Ripley's World : (Record no. 617860)

MARC details
000 -LEADER
fixed length control field 00499nam a2200193 a 4500
008 - FIXED-LENGTH DATA ELEMENTS--GENERAL INFORMATION
fixed length control field 260318s2008##################000#0#eng##
020 ## - INTERNATIONAL STANDARD BOOK NUMBER
ISBN 9781845964221
082 04 - DEWEY DECIMAL CLASSIFICATION NUMBER
Classification number 362.19699463RIP
100 1# - MAIN ENTRY--AUTHOR NAME
Personal name Ripley, Andy,
245 10 - TITLE STATEMENT
Title Ripley's World :
260 ## - PUBLICATION, DISTRIBUTION, ETC. (IMPRINT)
Name of publisher Mainstream Publishing Company,
Year of publication 2008.
300 ## - PHYSICAL DESCRIPTION
Number of Pages 304 pages
650 #0 - SUBJECT ADDED ENTRY--TOPICAL TERM
Topical Term Prostate.
942 ## - ADDED ENTRY ELEMENTS (KOHA)
Koha item type English Books
Holdings
Withdrawn status Lost status Damaged status Not for loan Home library Current library Shelving location Date acquired Full call number Accession Number Price effective from Koha item type
        Anna Centenary Library Anna Centenary Library 4TH FLOOR, A WING 18.03.2026 362.19699463RIP 338644 18.03.2026 English Books

Find us on the map